Narodowości Turystów Najliczniej Odwiedzających Polskę - Statystyki

Ogólne statystyki
  • Ten quiz został rozwiązany 827 razy
  • Średni wynik to 14 z 16
Statystyki odpowiedzi
Lp. Turystów rocznie % Kraj % Poprawnych
1. 1,836,092 25.92 Niemcy
99%
2. 555,098 7.84 Wielka Brytania
99%
15. 146,171 2.06 Czechy
96%
5. 274,663 3.88 Rosja
96%
3. 497,764 7.03 Ukraina
96%
9. 212,901 3.01 Hiszpania
93%
4. 341,006 4.82 Stany Zjednoczone
92%
8. 233,778 3.30 Francja
91%
12. 167,253 2.36 Litwa
91%
10. 200,548 2.83 Szwecja
88%
6. 271,096 3.83 Włochy
87%
13. 160,573 2.27 Białoruś
86%
16. 136,067 1.92 Chiny
81%
11. 183,507 2.59 Norwegia
80%
14. 158,163 2.23 Holandia
72%
7. 260,634 3.68 Izrael
30%
Nie znaleziono quizów pasujących do podanych kryteriów
Rozkład punktacji
Procent ludzi z każdym wynikiem
Percentyl według liczby udzielonych odpowiedzi
Twoja historia wyników
Nie rozwiązałeś tego quizu